[Event "Golden Rook op 56th"]
[Site "Chotowa"]
[Date "2014.06.10"]
[Round "4"]
[White "Szelag, Zuzanna"]
[Black "Kowalczyk, Agnieszka"]
[Result "0-1"]
[WhiteElo "1506"]
[BlackElo "1682"]
[PlyCount "102"]
[EventDate "2014.06.08"]
[EventType "team-swiss"]
[EventRounds "9"]
[EventCountry "POL"]
[SourceTitle "EXT 2015"]
[Source "ChessBase"]
[SourceDate "2014.11.20"]
[SourceVersion "1"]
[SourceVersionDate "2014.11.20"]
[SourceQuality "1"]

1. e4 e5 2. Nf3 Nc6 3. Bc4 Bc5 4. c3 d6 5. 0-0 Nf6 6. d4 Bb6 7. dxe5 dxe5 8. Qxd8+ Nxd8 9. Bg5 Nc6 10. Re1 Ng4 11. Bh4 f6 12. Nbd2 g5 13. Bg3 h5 14. h4 gxh4 15. Bxh4 Bd7 16. Bd5 0-0-0 17. Nc4 Bc5 18. b4 Bf8 19. Na5 Nxa5 20. bxa5 c6 21. Bc4 Bc5 22. Rab1 Kb8 23. Rb3 Bc8 24. Reb1 Rh7 25. a6 b6 26. a4 Ka8 27. Be2 Be6 28. c4 Bc8 29. a5 Bxa6 30. axb6 axb6 31. Ra1 Ra7 32. Ra4 Bb7 33. Rxa7+ Kxa7 34. Ne1 Rf8 35. Nd3 Bd4 36. Ra3+ Kb8 37. Kf1 c5 38. Bf3 Nh2+ 39. Ke2 Nxf3 40. gxf3 f5 41. Be7 Rf7 42. Bd6+ Kc8 43. Bxe5 fxe4 44. fxe4 Bxe4 45. Rb3 Bxd3+ 46. Rxd3 Bxe5 47. Rh3 Bd4 48. Rxh5 Rxf2+ 49. Kd1 Kb7 50. Rh4 Ka6 51. Ke1 Rc2 0-1

[Event "Ogolnopolski-ch 55th"]
[Site "Zamosc"]
[Date "2013.??.??"]
[Round "8"]
[White "Kowalczyk, Agnieszka"]
[Black "Gasik, Anna"]
[Result "0-1"]
[WhiteElo "1658"]
[BlackElo "2232"]
[PlyCount "64"]
[EventDate "2013.06.07"]
[EventType "swiss"]
[EventRounds "9"]
[EventCountry "POL"]
[SourceTitle "EXT 2014"]
[Source "ChessBase"]
[SourceDate "2013.11.20"]
[SourceVersion "1"]
[SourceVersionDate "2013.11.20"]
[SourceQuality "1"]

1. e4 Nf6 2. Nc3 d5 3. exd5 Nxd5 4. Nxd5 Qxd5 5. Nf3 e5 6. d3 Nc6 7. Be2 Be7 8. 0-0 f6 9. h3 Be6 10. Nd2 Nd4 11. Bg4 Bxg4 12. Qxg4 Nxc2 13. Rb1 Nb4 14. a3 Nxd3 15. Nf3 e4 16. Ne1 g6 17. Nxd3 exd3 18. Qa4+ c6 19. Be3 Kf7 20. Rfd1 b5 21. Qa5 Rhd8 22. Qc3 c5 23. Kh1 a5 24. Kg1 b4 25. axb4 axb4 26. Qd2 c4 27. Qc1 Rac8 28. Bd2 Qc6 29. Be3 c3 30. Ra1 Rd7 31. bxc3 bxc3 32. Rf1 Qc4 0-1